000 00569nam a22001937a 4500
003 OSt
005 20260424054539.0
008 260424b |||||||| |||| 00| 0 eng d
020 _a9788860980809
040 _aDWCL-Main Lib
_cOC
082 _aCirc. 641.8653 T784 2009
110 _aMCRAE BOOKS
245 _aTreats just great recipes : cakes
260 _aManila, Philippines :
_bWS Pacific Publications,
_cc2009.
300 _a64 p. :
_bcolor illustrations ;
_c21 cm.
504 _aIncludes index.
650 _aCooking - Cakes.
942 _2ddc
_cBK-CIRC
_mCirc.
_n0
999 _c9850
_d9850